[Event "Niedersachsen-ch"]
[White "Kaiser, Gerhard"]
[Black "Soelken, Hagen"]
[Site "Verden"]
[Round "5"]
[Result "1-0"]
[Date "2008.01.05"]
[WhiteElo "1960"]
[BlackElo "1754"]
[PlyCount "59"]
[EventDate "2008.01.03"]
[EventType "swiss"]
[EventRounds "7"]
[EventCountry "GER"]
[SourceTitle "EXT 2010"]
[Source "ChessBase"]
[SourceDate "2010.11.25"]
[SourceVersion "1"]
[SourceVersionDate "2010.11.25"]
[SourceQuality "1"]

1. e4 c5 2. Nf3 a6 3. g3 Nc6 4. Bg2 g6 5. 0-0 Bg7 6. Nc3 d6 7. d3 Nf6 8. h3 0-0 9. Be3 Rb8 10. Qd2 b5 11. Bh6 Nd4 12. Bxg7 Nxf3+ 13. Bxf3 Kxg7 14. Bg2 e5 15. f4 Nh5 16. Kh2 exf4 17. g4 Nf6 18. Qxf4 Be6 19. e5 Ne8 20. Ne4 dxe5 21. Qxe5+ Kg8 22. Nxc5 Qc7 23. Rae1 Qxe5+ 24. Rxe5 Nc7 25. Nxe6 Nxe6 26. Bd5 Nc7 27. Bb3 Rbe8 28. Rxe8 Nxe8 29. Re1 Nd6 30. Re7 1-0